chemical names of vitamins - Statistics

General Stats
  • This quiz has been taken 65 times
  • The average score is 8 of 13
Answer Stats
Hint Answer % Correct
Vitamin C Ascorbic acid
75%
Vitamin B9 Folic acid
75%
Vitamin A Retinol
75%
Vitamin B1 Thiamine
75%
Vitamin B3 Niacin
65%
Vitamin B2 Riboflavin
65%
Vitamin B7 Biotin
60%
Vitamin D Calciferol
60%
Vitamin B12 Cobalamin
60%
Vitamin B5 Pantothenic acid
60%
Vitamin K Phylloquinone
55%
Vitamin B6 Pyridoxine
50%
Vitamin E Tocopherol
40%
No matching quizzes found
Score Distribution
Percent of People with Each Score
Percentile by Number Answered
Your Score History
You have not taken this quiz